Library Banner

Usama bin Ladin/ (Record no. 97857)

MARC details
000 -LEADER
fixed length control field 00387nam a22001457a 4500
005 - DATE AND TIME OF LATEST TRANSACTION
control field 20170831105442.0
008 - FIXED-LENGTH DATA ELEMENTS--GENERAL INFORMATION
fixed length control field 170831b xxu||||| |||| 00| 0 eng d
040 ## - CATALOGING SOURCE
Transcribing agency PK-LaUMT
082 ## - DEWEY DECIMAL CLASSIFICATION NUMBER
Classification number RHC 891.4393
Item number TAR-U
100 ## - MAIN ENTRY--PERSONAL NAME
Personal name Tariq Ismail Sagar
245 ## - TITLE STATEMENT
Title Usama bin Ladin/
Statement of responsibility, etc Tariq Ismail Sagar
260 ## - PUBLICATION, DISTRIBUTION, ETC. (IMPRINT)
Place of publication, distribution, etc لاہور:
Name of publisher, distributor, etc ساگر پبلشرز،
Date of publication, distribution, etc 1998
300 ## - PHYSICAL DESCRIPTION
Extent 216 ص
942 ## - ADDED ENTRY ELEMENTS (KOHA)
Koha item type Books
Holdings
Withdrawn status Lost status Damaged status Home library Current library Date acquired Full call number Barcode Date last seen Price effective from Koha item type
      UMT Main Campus UMT Main Campus 2017-08-31 RHC 891.4393 TAR-U 110343 2020-11-14 2017-08-31 Books